| 000 | 00522nam a2200181Ia 4500 | ||
|---|---|---|---|
| 003 | OSt | ||
| 005 | 20260324151150.0 | ||
| 008 | 190216s9999||||xx |||||||||||||| ||und|| | ||
| 020 | _a9788126409327 | ||
| 040 | _coclc | ||
| 082 |
_a891.863 _bHRA/S |
||
| 100 |
_aHrabal, Bohumil _96854 |
||
| 245 | 0 |
_aSookshmamayi Nireekshikkapedunna Theevandikal / _cBohumil Hrabal |
|
| 260 |
_bDc Books, _aKottayam: _c2005. |
||
| 300 | _a78p | ||
| 650 | _aNovel | ||
| 942 |
_cBK _2ddc _h891.863 _iHRA/S _k891.863 _mHRA/S |
||
| 999 |
_c28606 _d28606 |
||